Tilastot visalle Maailman pääkaupungit

Klikkaa tästä pelataksesi tätä visaa!

Yleistilastot

  • Tätä visaa on pelattu 37 822 kertaa
    (5 975 viimeisimmän päivityksen jälkeen)
  • Keskiarvotulos 79 / 196

Vastaustilastot

ValtioPääkaupunki% Oikein
SuomiHelsinki
96%
RuotsiTukholma
94%
NorjaOslo
93%
ViroTallinna
92%
RanskaPariisi
91%
Yhdistynyt
kuningaskunta
Lontoo
90%
VenäjäMoskova
90%
ItaliaRooma
90%
EspanjaMadrid
89%
IslantiReykjavik
89%
SaksaBerliini
88%
TanskaKööpenhamina
87%
KreikkaAteena
85%
LatviaRiika
85%
YhdysvallatWashington DC
84%
VatikaanivaltioVatikaani
82%
AlankomaatAmsterdam
82%
ItävaltaWien
81%
IrlantiDublin
80%
JapaniTokio
80%
LiettuaVilna
79%
MonacoMonaco
79%
BulgariaSofia
78%
BelgiaBryssel
78%
LuxemburgLuxemburg
77%
PortugaliLissabon
77%
PuolaVarsova
75%
KiinaPeking
75%
San MarinoSan Marino
74%
TsekkiPraha
72%
MeksikoMéxico
72%
UnkariBudapest
72%
AndorraAndorra la Vella
70%
EgyptiKairo
70%
BrasiliaBrasilia
69%
Valko-VenäjäMinsk
69%
SveitsiBern
68%
TurkkiAnkara
67%
UkrainaKiova
66%
KanadaOttawa
66%
RomaniaBukarest
66%
Etelä-KoreaSoul
65%
PeruLima
64%
IsraelJerusalem
62%
IntiaNew Delhi
62%
AustraliaCanberra
62%
ThaimaaBangkok
58%
AlbaniaTirana
57%
Bosnia ja
Hertsegovina
Sarajevo
57%
KroatiaZagreb
57%
MaltaValletta
57%
SlovakiaBratislava
56%
Etelä-AfrikkaPretoria | Kapkaupunki |
Bloemfontein
56%
SingaporeSingapore
54%
ArgentiinaBuenos Aires
53%
SloveniaLjubljana
53%
KuubaHavanna
52%
SerbiaBelgrad
49%
PanamaPanamá
48%
AlgeriaAlger
47%
TunisiaTunis
47%
IranTeheran
47%
Pohjois-MakedoniaSkopje
46%
FilippiinitManila
46%
KosovoPristina
46%
Uusi-SeelantiWellington
46%
IrakBagdad
46%
LiechtensteinVaduz
45%
KeniaNairobi
44%
VietnamHanoi
44%
IndonesiaJakarta
44%
Pohjois-KoreaPjongjang
43%
JamaikaKingston
43%
UruguayMontevideo
42%
MoldovaChisinau
42%
ChileSantiago de Chile
41%
Yhdistyneet
Arabiemiraatit
Abu Dhabi
41%
AfganistanKabul
40%
KyprosNikosia
39%
KolumbiaBogotá
39%
KuwaitKuwait
38%
AzerbaidžanBaku
37%
MalesiaKuala Lumpur
37%
El SalvadorSan Salvador
36%
MontenegroPodgorica
36%
TaiwanTaipei
36%
LibanonBeirut
36%
MongoliaUlaanbaatar
35%
SomaliaMogadishu
35%
VenezuelaCaracas
35%
NepalKathmandu
34%
MalediivitMalé
34%
QatarDoha
34%
Saudi-ArabiaRiad
34%
BangladeshDhaka
34%
DjiboutiDjibouti
33%
SyyriaDamaskos
33%
BoliviaLa Paz / Sucre
32%
GeorgiaTbilisi
32%
JordaniaAmman
32%
MarokkoRabat
32%
HaitiPort-au-Prince
32%
EtiopiaAddis Abeba
32%
LibyaTripoli
31%
PakistanIslamabad
31%
ArmeniaJerevan
31%
EcuadorQuito
30%
GuatemalaGuatemala
30%
KazakstanNursultan
30%
Burkina FasoOuagadougou
30%
São Tomé ja
Príncipe
São Tomé
29%
JemenSanaá
28%
Costa RicaSan José
28%
BahamaNassau
28%
GuyanaGeorgetown
27%
AngolaLuanda
27%
St. Vincent ja
Grenadiinit
Kingstown
27%
Guinea-BissauBissau
27%
Sierra LeoneFreetown
26%
Dominkaaninen
tasavalta
Santo Domingo
25%
LaosVientiane
25%
GhanaAccra
25%
UgandaKampala
25%
SenegalDakar
25%
Trinidad ja TobagoPort-of-Spain
25%
Kongon dem.
tasavalta
Kinshasa
25%
BahrainManama
24%
Kongon tasavaltaBrazzaville
24%
NamibiaWindhoek
24%
Itä-TimorDili
24%
KambodžaPhnom Penh
24%
ParaguayAsunción
24%
SambiaLusaka
24%
ZimbabweHarare
24%
BarbadosBridgetown
23%
GabonLibreville
23%
MadagaskarAntananarivo
23%
SeychellitVictoria
23%
Antigua ja BarbudaSt. John's
22%
Etelä-SudanJuba
22%
NicaraguaManagua
22%
SurinameParamaribo
21%
SudanKhartum
21%
BeninPorto-Novo / Cotonou
21%
RuandaKigali
21%
NigeriaAbuja
20%
OmanMasqat
20%
FidžiSuva
20%
BhutanThimphu
20%
GambiaBanjul
20%
GrenadaSt. George's
20%
TogoLomé
20%
DominicaRoseau
19%
SamoaApia
19%
BelizeBelmopan
19%
VanuatuPort Vila
19%
UzbekistanTaškent
19%
MosambikMaputo
19%
KirgisiaBiškek
19%
KomoritMoroni
19%
LiberiaMonrovia
19%
MauritiusPort Louis
19%
Kap VerdePraia
19%
EritreaAsmara
19%
TongaNuku'alofa
18%
TansaniaDodoma
18%
HondurasTegucigalpa
18%
Papua-Uusi-
Guinea
Port Moresby
18%
St. Kitts ja NevisBasseterre
17%
BruneiBandar Seri
Begawan
17%
Keski-Afrikan
tasavalta
Bangui
17%
TuvaluFunafuti
17%
Sri LankaKotte
17%
BotswanaGaborone
17%
Päiväntasaajan
Guinea
Malabo
16%
SalomonsaaretHoniara
16%
NigerNiamey
16%
SwazimaaMbabane
16%
MaliBamako
16%
TurkmenistanAšgabat
16%
MalawiLilongwe
16%
LesothoMaseru
16%
KamerunYaoundé
16%
St. LuciaCastries
16%
GuineaConakry
16%
TadžikistanDušanbe
15%
KiribatiSouth Tarawa
15%
MarshallinsaaretMajuro
15%
MikronesiaPalikir
15%
NorsunluurannikkoYamoussoukro
15%
NauruYaren
14%
BurundiGitega
14%
TsadN'Djamena
14%
MyanmarNaypyidaw
14%
MauritaniaNouakchott
13%
PalauNgerulmud
12%

Tulosjakauma

Persentiili vastausten määrän mukaan

Jokaisen tuloksen saaneiden osuus

Tuloshistoriasi

Et ole pelannut tätä visaa sen viimeisimmän päivityksen jälkeen